000 00621nam a22001697a 4500
005 20240124083730.0
008 240124b |||||||| |||| 00| 0 eng d
020 _a040900480 ; 0409004502
041 _aEnglish
082 _a349 JOU
100 _aJoubert, WA
_lEnglish
245 _aThe Law of South Africa : Building and Engineering Contracts, Architects, Engineers and Quantity Suveyors to Conflict Laws /
_cWA Joubert
260 _aDurban :
_bButterworth Publishers (Pty) Ltd,
_c1993
300 _bviii, 494 pages ;
_c26 cm.
650 _aLegal practice
_bLaw
942 _cBK
_6ALISON_BN_VRIES
999 _c1285
_d1285